| 000 | 00463nam a2200169 a 4500 | ||
|---|---|---|---|
| 001 | 26224 | ||
| 005 | 20180713224727.0 | ||
| 008 | 140415s1982 000 0 spa d | ||
| 041 | _aspa | ||
| 082 |
_a658.4 _bRED |
||
| 100 | 1 | _aREDDIN, W. J. | |
| 245 | 1 | 0 | _aEFECTIVIDAD GERENCIAL |
| 260 |
_a[s.l.] : _bDIANA, _c1982 |
||
| 300 | _a407 | ||
| 650 | 1 | 4 |
_aADMINISTRACION DE PERSONAL _xEJECUTIVOS _xORGANIZACION |
| 700 | 1 |
_aCHAPIRO, EDITH DEUTSCH _etr. |
|
| 999 |
_c26224 _d26224 |
||